<?xml version="1.0" encoding="UTF-8"?>
<record
    xmlns:xsi="http://www.w3.org/2001/XMLSchema-instance"
    xsi:schemaLocation="http://www.loc.gov/MARC21/slim http://www.loc.gov/standards/marcxml/schema/MARC21slim.xsd"
    xmlns="http://www.loc.gov/MARC21/slim">

  <leader>00725nam a22001577a 4500</leader>
  <controlfield tag="003">OSt</controlfield>
  <controlfield tag="005">20150921151434.0</controlfield>
  <controlfield tag="008">150921b        xxu||||| |||| 00| 0 eng d</controlfield>
  <datafield tag="040" ind1=" " ind2=" ">
    <subfield code="c">RUA</subfield>
  </datafield>
  <datafield tag="082" ind1=" " ind2=" ">
    <subfield code="a">AGR CHH 2006 B034 Or.1</subfield>
  </datafield>
  <datafield tag="100" ind1=" " ind2=" ">
    <subfield code="9">1019</subfield>
    <subfield code="a">CHHUM, VISETH.</subfield>
  </datafield>
  <datafield tag="245" ind1=" " ind2=" ">
    <subfield code="a">Effect of different midai (pda,ma,pdase, pdarbs to the growth of oyster mushroom &#x17A5;&#x1791;&#x17D2;&#x1792;&#x17B7;&#x1796;&#x179B;&#x1793;&#x17C3;&#x1798;&#x1787;&#x17D2;&#x1788;&#x178A;&#x17D2;&#x178B;&#x17B6;&#x1793;&#x1781;&#x17BB;&#x179F;&#x1782;&#x17D2;&#x1793;&#x17B6; (&#x1794;&#x17C9;&#x17C1;&#x178A;&#x17C1;&#x17A2;&#x17B6;, &#x17A2;&#x17B9;&#x1798;&#x17A2;&#x17B6;,&#x1794;&#x17C9;&#x17C1;&#x178A;&#x17C1;&#x17A2;&#x17B6;&#x17A2;&#x17C1;&#x179F;&#x17A2;&#x17BA;, &#x1794;&#x17C9;&#x17C1;&#x178A;&#x17C1;&#x17A2;&#x17B6;&#x17A2;&#x17CA;&#x17C2;&#x1794;&#x17C1;&#x17A2;&#x17C1;&#x179F;)&#x200B; &#x179B;&#x17BE;&#x1780;&#x17B6;&#x179A;&#x179B;&#x17BC;&#x178F;&#x179B;&#x179F;&#x17B6;&#x179F;&#x17CB;&#x179A;&#x1794;&#x179F;&#x17CB;&#x1795;&#x17D2;&#x179F;&#x17B7;&#x178F;&#x17A2;&#x17C6;&#x1794;&#x17C4;&#x17C7;</subfield>
  </datafield>
  <datafield tag="260" ind1=" " ind2=" ">
    <subfield code="a">Phnom Penh</subfield>
    <subfield code="b">RUA</subfield>
    <subfield code="c">2006</subfield>
  </datafield>
  <datafield tag="300" ind1=" " ind2=" ">
    <subfield code="a">42p.</subfield>
    <subfield code="b">ill.</subfield>
    <subfield code="c">29cm.</subfield>
  </datafield>
  <datafield tag="942" ind1=" " ind2=" ">
    <subfield code="2">ddc</subfield>
    <subfield code="c">AGR</subfield>
  </datafield>
  <datafield tag="999" ind1=" " ind2=" ">
    <subfield code="c">977</subfield>
    <subfield code="d">977</subfield>
  </datafield>
  <datafield tag="952" ind1=" " ind2=" ">
    <subfield code="0">0</subfield>
    <subfield code="1">0</subfield>
    <subfield code="2">ddc</subfield>
    <subfield code="4">0</subfield>
    <subfield code="6">AGR_CHH_2006_000000000000000_B034_OR_1</subfield>
    <subfield code="7">0</subfield>
    <subfield code="9">4049</subfield>
    <subfield code="a">LBB</subfield>
    <subfield code="b">LBB</subfield>
    <subfield code="d">2015-09-21</subfield>
    <subfield code="l">4</subfield>
    <subfield code="o">AGR CHH 2006 B034 Or.1</subfield>
    <subfield code="p">RUA002905</subfield>
    <subfield code="r">2023-06-16</subfield>
    <subfield code="s">2023-05-05</subfield>
    <subfield code="w">2015-09-21</subfield>
    <subfield code="y">AGR</subfield>
  </datafield>
  <datafield tag="952" ind1=" " ind2=" ">
    <subfield code="0">0</subfield>
    <subfield code="1">0</subfield>
    <subfield code="2">ddc</subfield>
    <subfield code="4">0</subfield>
    <subfield code="6">AGR_CHH_2006_000000000000000_B034_OR_2</subfield>
    <subfield code="7">0</subfield>
    <subfield code="9">4050</subfield>
    <subfield code="a">LBB</subfield>
    <subfield code="b">LBB</subfield>
    <subfield code="d">2015-09-21</subfield>
    <subfield code="l">1</subfield>
    <subfield code="o">AGR CHH 2006 B034 Or.2</subfield>
    <subfield code="p">RUA002972</subfield>
    <subfield code="r">2019-08-07</subfield>
    <subfield code="s">2019-07-23</subfield>
    <subfield code="w">2015-09-21</subfield>
    <subfield code="y">AGR</subfield>
  </datafield>
</record>
